| 000 | 00624nam a2200229Ia 4500 | ||
|---|---|---|---|
| 003 | OSt | ||
| 005 | 20251028111713.0 | ||
| 008 | 210210b1969 xxu||||| |||| 00| 0 eng d | ||
| 020 | _a0333023676 | ||
| 040 | _cAL | ||
| 041 | _aeng | ||
| 082 | _a820.9 DYSL | ||
| 100 |
_aDyson A E Ed _9242952 |
||
| 245 |
_aLawrence D H sons and lovers _b: casebooks |
||
| 260 |
_aLondon _bMacmillan Press Ltd _c1969 |
||
| 300 | _a230 | ||
| 650 |
_aLawrence D H Sons & Lovers critical Essays Case Books _9242953 |
||
| 690 |
_aEnglish Criticism _9242954 |
||
| 700 |
_aSalgado, Gamini _9242955 |
||
| 906 | _a056011 | ||
| 942 |
_2ddc _cBK |
||
| 999 |
_c103691 _d103691 |
||